000 00424pab a2200169 454500
008 180718b1998 xxu||||| |||| 00| 0 eng d
100 _aOm Vikas
245 _aMarket orientation of technical education
260 _c1998
300 _ap.8-9
362 _a28 Dec
650 _aEducation - India
650 _aTechnical education - India
650 _aTechnical education
773 _aUniversity News
909 _a39767
999 _c39767
_d39767